Dấu tích văn nhân

Đây là một công trình nghiên cứu công phu, một tuyển tập gồm 17 bài viết về các tác giả, tác phẩm tiêu biểu của văn học Việt Nam như: Tản Đà, Nguyễn Du, Lưu Trọng Lư, Xuân Diệu, ...

Zapisane w:
Opis bibliograficzny
1. autor: NGUYỄN PHONG NAM
Format: Książka
Język:Undetermined
Wydane: Đà Nẵng Đà Nẵng 2001
Hasła przedmiotowe:
Etykiety: Dodaj etykietę
Nie ma etykietki, Dołącz pierwszą etykiete!
Thư viện lưu trữ: Trung tâm Học liệu Trường Đại học Cần Thơ
LEADER 00804nam a2200193Ia 4500
001 CTU_50561
008 210402s9999 xx 000 0 und d
082 |a 895.92209 
082 |b N104 
100 |a NGUYỄN PHONG NAM 
245 0 |a Dấu tích văn nhân 
245 0 |c NGUYỄN PHONG NAM 
260 |a Đà Nẵng 
260 |b Đà Nẵng 
260 |c 2001 
520 |a Đây là một công trình nghiên cứu công phu, một tuyển tập gồm 17 bài viết về các tác giả, tác phẩm tiêu biểu của văn học Việt Nam như: Tản Đà, Nguyễn Du, Lưu Trọng Lư, Xuân Diệu, ... 
650 |a vietnamese literature 
650 |x history and criticism 
980 |a Trung tâm Học liệu Trường Đại học Cần Thơ